| 000 | 00507nam a2200181 a 4500 | ||
|---|---|---|---|
| 005 | 20240925064600.0 | ||
| 008 | 991125s1961 mx 000 0 spa u | ||
| 035 | _aUPN01000009795 | ||
| 049 | _aCG | ||
| 050 | 4 |
_aBF721 _bG6.2 |
|
| 100 | 1 | _aGómez Gómez, Jorge | |
| 245 | 1 | 0 |
_aComo se va formando la personalidad de su hijo o alumno / _cJorge Gómez Gómez. |
| 260 |
_aMéxico : _b[s.n.], _c1961. |
||
| 300 | _a58 p. | ||
| 650 | 4 |
_aNiño, Estudio del _9221 |
|
| 650 | 4 |
_aPersonalidad _97690 |
|
| 905 | _aLibro | ||
| 999 |
_c9795 _d9795 |
||